| 000 | 00721nam a22002777a 4500 | ||
|---|---|---|---|
| 001 | BR9301452 | ||
| 003 | BR-BrBNA | ||
| 005 | 20230928093854.0 | ||
| 007 | ta | ||
| 008 | 230509b bl.||||| |||| 00| 0 por d | ||
| 040 |
_aBR-BrBNA _bpor _cBiblioteca Nacional de Agricultura |
||
| 041 | _a(Eng, Por) | ||
| 072 | _aF70 | ||
| 090 | _ F70 BR9301452 | ||
| 100 | 1 | _aEttori, L. de C. | |
| 100 | 1 | _aBaitello, J.B. | |
| 100 | 1 | _aFigliolia, M.B. | |
| 110 | 1 |
_aInstituto Florestal, Sao Paulo, SP (Brasil) _96362 |
|
| 245 | 1 | _aIndex Seminum | |
| 260 | 3 |
_aSao Paulo, SP (Brasil): _c1988. |
|
| 300 | _a17 p. | ||
| 650 | _aTaxonomia Vegetal | ||
| 650 | _aSao Paulo | ||
| 909 |
_a202309 _bLucia _c55 _dLucia Elande |
||
| 942 | _cBK | ||
| 999 |
_c47623 _d47623 |
||